| 000 | 00656nam a2200241Ia 4500 | ||
|---|---|---|---|
| 005 | 20260121112523.0 | ||
| 008 | 6657 260114s9999 xx 000 0 eng d | ||
| 020 | _a9789812837714 | ||
| 037 | _aEBOOK | ||
| 040 |
_aCRL _beng _cCRL |
||
| 041 |
_aeng _2eng |
||
| 084 | _qCRL | ||
| 100 |
_aJacque Laurent L _9958937 |
||
| 245 | 0 | _aGlobal Derivative Debacles: from Theory to Malpractice | |
| 260 | _bWorld Scientific | ||
| 260 | _bWSPC | ||
| 260 | _c2010 | ||
| 650 |
_aEconomics & Finance _9958938 |
||
| 856 | _uhttps://www.worldscientific.com/worldscibooks/10.1142/7141#t=toc | ||
| 942 | _cEBOOK | ||
| 999 |
_c1543957 _d1543957 |
||